[Event "Guernsey Holiday op"]
[Site "Guernsey"]
[Date "2009.10.23"]
[Round "6"]
[White "Noordijk, Evert"]
[Black "Hoogakker, Peter"]
[Result "0-1"]
[WhiteElo "1767"]
[BlackElo "1773"]
[PlyCount "126"]
[EventDate "2009.10.18"]
[EventType "swiss"]
[EventRounds "7"]
[EventCountry "GCI"]
[SourceTitle "EXT 2015"]
[Source "ChessBase"]
[SourceDate "2014.11.20"]
[SourceVersion "1"]
[SourceVersionDate "2014.11.20"]
[SourceQuality "1"]

1. Nf3 Nf6 2. d3 Nc6 3. e4 e5 4. Nbd2 Bc5 5. h3 d6 6. c3 h6 7. Be2 Bb6 8. Qc2 Be6 9. Nf1 d5 10. g4 Qd6 11. Ng3 g5 12. Bd2 0-0-0 13. Nf5 Bxf5 14. gxf5 g4 15. Nh4 dxe4 16. dxe4 Nxe4 17. Be3 Bxe3 18. fxe3 Ng3 19. Rh2 Nxe2 20. Qxe2 gxh3 21. e4 Rhg8 22. Nf3 Rg3 23. Rf2 Rdg8 24. Rd1 Qe7 25. Qe3 Rg2 26. Qxh6 Rxf2 27. Kxf2 Qc5+ 28. Ke1 h2 29. Qxh2 Qe3+ 30. Qe2 Qxe2+ 31. Kxe2 Rg2+ 32. Kd3 Rxb2 33. Rd2 Rxd2+ 34. Nxd2 Kd7 35. Kc4 Kd6 36. a4 a6 37. Nb3 b6 38. Nd2 Na5+ 39. Kb4 Nb7 40. Nc4+ Ke7 41. Nxe5 Nd6 42. Nc6+ Ke8 43. a5 Nxe4 44. c4 Nc5 45. Kc3 Kd7 46. Ne5+ Ke7 47. axb6 cxb6 48. Ng4 Ne4+ 49. Kd4 Nd6 50. Ne3 Kf6 51. Nd5+ Kxf5 52. Nxb6 Ke6 53. c5 Nb5+ 54. Kc4 f5 55. Nd5 Ke5 56. Nb4 Nc7 57. Kd3 f4 58. c6 a5 59. Nc2 Kd6 60. Nd4 Ne6 61. Nb3 a4 62. Na5 Kd5 63. Ke2 Nd4+ 0-1

[Event "Guernsey Holiday op"]
[Site "Guernsey"]
[Date "2009.10.21"]
[Round "4"]
[White "Noordijk, Evert"]
[Black "Van Hoek, Wilhelmus J"]
[Result "1-0"]
[WhiteElo "1767"]
[BlackElo "1743"]
[PlyCount "39"]
[EventDate "2009.10.18"]
[EventType "swiss"]
[EventRounds "7"]
[EventCountry "GCI"]
[SourceTitle "EXT 2015"]
[Source "ChessBase"]
[SourceDate "2014.11.20"]
[SourceVersion "1"]
[SourceVersionDate "2014.11.20"]
[SourceQuality "1"]

1. Nf3 e6 2. d3 d5 3. Nbd2 f5 4. e4 g6 5. Be2 Bg7 6. c3 Nh6 7. Qc2 c6 8. Nb3 Nf7 9. h4 h6 10. exf5 exf5 11. Bf4 Nd7 12. 0-0-0 Qf6 13. Rde1 0-0 14. d4 g5 15. hxg5 hxg5 16. Bd2 Bh6 17. Bd3 Nd6 18. Rxh6 Qxh6 19. Nxg5 Ne4 20. Nxe4 1-0

[Event "Guernsey Holiday op"]
[Site "Guernsey"]
[Date "2009.10.19"]
[Round "2"]
[White "Noordijk, Evert"]
[Black "O'Connor, Jonathan"]
[Result "1/2-1/2"]
[WhiteElo "1767"]
[BlackElo "1675"]
[PlyCount "93"]
[EventDate "2009.10.18"]
[EventType "swiss"]
[EventRounds "7"]
[EventCountry "GCI"]
[SourceTitle "EXT 2015"]
[Source "ChessBase"]
[SourceDate "2014.11.20"]
[SourceVersion "1"]
[SourceVersionDate "2014.11.20"]
[SourceQuality "1"]

1. Nf3 Nf6 2. d3 d5 3. Nbd2 Nc6 4. e4 dxe4 5. dxe4 e5 6. c3 Bc5 7. Be2 0-0 8. h3 Qe7 9. Qc2 Nh5 10. g3 Bd7 11. Nc4 b5 12. Ne3 a6 13. Nh4 Nf6 14. Nhf5 Bxf5 15. Nxf5 Qd7 16. Bg5 Be7 17. g4 g6 18. Ng3 Ne8 19. Be3 Ng7 20. g5 Nd8 21. Rd1 Bd6 22. h4 Nde6 23. Bg4 Qe7 24. Bf3 Rad8 25. Nf1 Nf4 26. Nh2 f5 27. gxf6 Qxf6 28. Ng4 Qe6 29. Qb3 Qxb3 30. axb3 h5 31. Nh2 Rf6 32. Rg1 Nge6 33. Rd2 Rdf8 34. Kd1 Kh7 35. Kc2 R8f7 36. b4 Bf8 37. Ra1 c5 38. Bd1 cxb4 39. Nf3 Ng2 40. Nxe5 Nxe3+ 41. fxe3 Rc7 42. Rd7+ Rxd7 43. Nxd7 Rf2+ 44. Kb1 bxc3 45. bxc3 Nc5 46. Nxc5 Bxc5 47. Rxa6 1/2-1/2